000 00971npm a2200229 i 4500
001 5066
003 ES-MaACL
005 20250814001559.0
007 hzrazu bucu
008 890403r19891912sp b 00010 spa d
080 _a614(061.21)
100 1 _aBuisan Pellicer, Eduardo.
_932463
245 1 0 _aEducacion higienica de la mujer y su influencia en el desarrolla fisico y moral de los hijos
_b: [Microforma] /
_cpor Eduardo Buisan Pellicer.
260 _aMadrid :
_bAteneo Cientifico, Literario y Artistico,
_c1989.
300 _a27 fotogramas en 1 microficha :
_bnegativo.
490 1 _aMemorias premiadas de la Sociedad Española de Higiene. Legado Roel ;
_v12
500 _aPublicado originalmente: Madrid, Sociedad Española de Higiene, 1912.
810 2 _aSociedad Española de Higiene-
_kMemorias premiadas
_96727
830 0 0 _aLegado Roel: Colección de memorias premiadas
_v12
_9183286
852 _aES-MaACLM
_jMCF-3
999 _c5066
_d5066